LIBRARY ONLINE CATALOGUE

Basic civil and environmental engineering (as per Pune University syllabus) / (Record no. 10458)

MARC details
000 -LEADER
fixed length control field 00778cam a22002292 4500
001 - CONTROL NUMBER
control field 0000025130
005 - DATE AND TIME OF LATEST TRANSACTION
control field 20151217152308.0
008 - FIXED-LENGTH DATA ELEMENTS--GENERAL INFORMATION
fixed length control field 141205s xx 000 0 eng d
020 ## - INTERNATIONAL STANDARD BOOK NUMBER
International Standard Book Number 8122427639 :
040 ## - CATALOGING SOURCE
Original cataloging agency KABU
Transcribing agency KABU
100 1# - MAIN ENTRY--PERSONAL NAME
Personal name Kaushik, C.P.
-- 0000185542
245 10 - TITLE STATEMENT
Title Basic civil and environmental engineering (as per Pune University syllabus) /
Statement of responsibility, etc. by C.P. Kaushik, S.S. Bhavikatti, Anubha kaushik.
250 ## - EDITION STATEMENT
Edition statement New Age ed.
260 ## - PUBLICATION, DISTRIBUTION, ETC. (IMPRINT)
Place of publication, distribution, etc. New delhi :
Name of publisher, distributor, etc. New Age International,
Date of publication, distribution, etc. 2010.
300 ## - PHYSICAL DESCRIPTION
Extent xii, 183 p.
650 #0 - SUBJECT ADDED ENTRY--TOPICAL TERM
Topical term or geographic name as entry element Environmental engineering.
-- 0000156200
700 1# - ADDED ENTRY--PERSONAL NAME
Personal name Bhavikatti, S.S.
-- 0000185543
700 1# - ADDED ENTRY--PERSONAL NAME
Personal name Kaushik, Anubha.
-- 0000185544
852 1# - LOCATION
-- p337.70 KES
908 ## - PUT COMMAND PARAMETER (RLIN)
Put command parameter 141205
950 ## - LOCAL HOLDINGS (RLIN)
-- 1
Holdings
Withdrawn status Lost status Source of classification or shelving scheme Not for loan Home library Current library Date acquired Total Checkouts Full call number Barcode Date last seen Price effective from Koha item type
    Library of Congress Classification   Kabarak, Main Campus Kabarak, Main Campus 17/12/2015   TA170 .K38 2010 c. 1 016978 17/12/2015 17/12/2015 General Collection